000 01438pam a2200373 a 4500
001 4473743
003 BJBSDDR
005 20260424115917.0
007 ta
008 961212s1997 nyua d 000 0 eng
010 _a 96052953
020 _a9780140513936
035 _a4473743
040 _aDLC
_cDLC
_dDLC
_beng
041 _aeng
050 0 0 _aPN1993.45
_bK82c 1997
082 0 0 _a791.43/03
_221
100 1 _aKonigsberg, Ira,
_d1935-
_948119
245 1 4 _aThe complete film dictionary /
_cIra Konigsberg.
250 _a2nd ed.
260 _aNew York :
_bPenguin Reference,
_c1997.
300 _aix, 469 p. :
_bill. ;
_c24 cm.
336 _atext
_btxt
_2rdacontent
337 _aunmediated
_bn
_2rdamedia
338 _avolume
_bnc
_2rdacarrier
520 _aThis is a lexicon of film as art, technology and industry. Concerned with both professional and amateur film-making, it contains 3500 entries which define practices and achievements from the Renaissance to the present day. It includes practical terminology and cross-references to related areas.
650 0 _aMotion pictures
_xDictionaries.
650 0 _aCinematography
_xDictionaries.
906 _a7
_bcbc
_corignew
_d1
_eocip
_f19
_gy-gencatlg
942 _2lcc
_cBK
_n0
946 _idpf
999 _c126920
_d126920